La recuperación de lo económico desde el corazón de la economía /
El artículo es un homenaje al maestro economista Aquiles Montoya, y tiene como objetivo principal demostrar el profundo carácter humanizante, que este gran cientista social, le otorgaba a la economía. Ciertamente hay en América Latina, una tradición de pensamiento económico con fuerte acento crítico...
Сохранить в:
| Главный автор: | |
|---|---|
| Формат: | |
| Язык: | Spanish |
| Предметы: | |
| Метки: |
Добавить метку
Нет меток, Требуется 1-ая метка записи!
|
MARC
| LEADER | 00000nam a22000007a 4500 | ||
|---|---|---|---|
| 003 | cru CIDCACS/IIS | ||
| 005 | 20180108161331.0 | ||
| 007 | ta | ||
| 008 | 170830s2012 es |||p|r|||| 00| 0 spa d | ||
| 999 | |c 40354 |d 40354 | ||
| 040 | |c cru CIDCACS/IIS | ||
| 100 | 1 | |9 5441 |a Gómez, Moisés | |
| 245 | 1 | 3 | |a La recuperación de lo económico desde el corazón de la economía / |c Moisés Gómez |
| 300 | |a páginas 105-110 | ||
| 520 | |a El artículo es un homenaje al maestro economista Aquiles Montoya, y tiene como objetivo principal demostrar el profundo carácter humanizante, que este gran cientista social, le otorgaba a la economía. Ciertamente hay en América Latina, una tradición de pensamiento económico con fuerte acento crítico y consiguientemente, liberador o emancipador. En esa corriente de pensamiento crítico de la economía se inserta el maestro Aquiles con su producción teórico vinculada a sus investigaciones de campo. De manera que el texto se divide en tres partes; la primera de ellas hace referencia al carácter marxista de la propuesta de Montoya, quien se autodenominaba a sí mismo como marxista. La segunda refiere a su fundamento económico, en el cual se propone un modelo alternativo, una economía solidaria. La tercera, y última, coloca el ejercicio intelectual de Montoya como esperanzador, esto por el hecho de que este se aferraba a la idea de que las cosas podían cambiarse procesualmente desde abajo, y negaba la concepción de que había una sola alternativa en las sociedades de mercado. KDV/080118 | ||
| 650 | 1 | 0 | |9 143 |a ECONOMIA |
| 650 | 1 | 0 | |9 236 |a MARXISMO |
| 650 | 4 | |9 4380 |a MODELOS ECONOMICOS | |
| 650 | 1 | 0 | |9 419 |a CONTROL SOCIAL |
| 650 | 1 | 0 | |9 26 |a SOCIEDAD |
| 650 | 0 | |9 4470 |a HUMANISMO | |
| 650 | 1 | 0 | |9 66 |a EMANCIPACION |
| 651 | 1 | 0 | |9 17 |a AMERICA LATINA |
| 773 | 0 | |0 40343 |9 1222 |a Universidad Centroamericana José Simeón Cañas. |d El Salvador: Universidad Centroamericana José Simeón Cañas. Facultad de Ciencias Sociales y Humanidades |o 15020 |t Realidad: |x 10125515 | |
| 942 | |2 ddc |c PP | ||
